000 01223nam a22002177a 4500
008 230208s2022 xxk|||||o|||| 00| 0 eng d
041 _aeng
110 _aRoyal Institution of Chartered Surveyors
245 _aMonitoring and Investigation Rules
_h[Electronic resource]
250 _aVersion 5
260 _aLondon,
_bRoyal Institution of Chartered Surveyors,
_c2022
300 _a6p.
490 _aRICS Regulation
500 _a
520 _aThese Monitoring and Investigation Rules are made by the Standards and Regulation Board of the Royal Institution of Chartered Surveyors (RICS) under Article 18 of the Supplemental Charter 1973 of RICS and Bye-Laws made under Article 17 of that Charter. Version 5 of these Rules shall come into force on 2 February 2022. The Conduct of Firms and Members are governed by the Rules of Conduct and RICS Scheme Rules, together with approved standards, guidance and help sheets
650 _aPROFESSIONAL STANDARDS
651 _aInternational
710 _aRoyal Institution of Chartered Surveyors
856 _uhttps://www.rics.org/content/dam/ricsglobal/documents/regulation/monitoring_and_investigation_rules_version_7.pdf
_zAvailable free on RICS.org
942 _n0
999 _c121370
_d121370